000 00523nam a2200193Ia 4500
001 14547
003 GE_BSU
008 181216s||||||||xx |||||||||||||| ||und||
040 _cGE_BSU
080 _a641
245 _aCanteen Cuisine Marco Pierre White in the Kitchen with Michael Caine
245 _cMarco Pierre.Michael Caine
260 _aLondon
260 _bEbury Press
260 _c1995
300 _a224p.ill.25cm.
653 _aCanteen Cuisine Marco Pierre White in the Kitchen with Michael Caine
942 _cBK
999 _c47678
_d47678